000 00717nam a2200217Ia 4500
001 2543
003 GE_BSU
008 181216s||||||||xx |||||||||||||| ||und||
020 _a9789941100840
040 _cGE_BSU
080 _a81'374'3=353.1
245 _aქართული ენის განმარტებითი ლექსიკონი.ტ. 1. ა–ბ
245 _c[ არნ. ჩიქობავა რედ]
260 _aთბილისი
260 _bმერიდიანი
260 _c2008
300 _a1129 გვ.
541 _h50ლ.
653 _aქართული ენის განმარტებითი ლექსიკონი
942 _cBK
999 _c36623
_d36623